000 00218 a2200097 4500
001 34471
100 _aWali-u-Llah Shah
245 _aHujjatt-ul-Baligha
260 _aLahore
_bMaqbool Academy
_c
090 _c22760
_d22760
942 _aNUST-CAE
_cM
_c14181
999 _c269544
_d269544